000 00242nam a2200097Ia 4500
005 20251222114406.0
008 251222s1900||||xx |||||||||||||| ||spa||
082 _aDVD0120/V86/1823
245 0 _aMissa Solemnis: Ludwig Van Beethoven:
942 _cDVD
999 _c1820
_d1820